• 首页
  • 本馆介绍
  • 公告通知
  • 最新文献
  • 馆藏检索
  • 电子资源
  • 读者导购
  • 参考咨询
  • 我的图书馆
  • 登录
  • 详细信息显示
  • 放入我的书架
  • 预约/预借图书
  • 作者相关作品
  • 分类相关作品
  • 丛书相关作品
  • 出版社相关作品

书目信息

  • 表格格式
  • 工作单格式
  • 卡片格式
书名: Thermodynamics and physics of matter
作者:
分册号:
分册名:
出版地: London :
 
出版社: Oxford University Press
出版时间: 1955.
页数: xviii, 812 p. :
开本: 23 cm.
丛书名: High speed aerodynamics and jet propulsion
中图分类号:
科图分类号:
其他分类号: TL570
主题词:
电子资源:
000 01067nam 2200337 a 4500
001 E0753951721
004 001319037
005 20070728145935.35
008 000 0 eng
008 4001uueng0000000
010    @a55008069
035    @a(OCoLC)573726
035    @a(DLC) 55008069
040    @aDLC @cODaWU @dOCoLC @dDLC @dCcBjTSG
042    @apremarc
090    @aTL570 @bR83
090    @aTL570
096    @aTL570
099    @dTL570@ex2
245 00 @aThermodynamics and physics of matter
260    @aLondon :@bOxford University Press,@c1955.
300    @axviii, 812 p. :@bill., tables ;@c23 cm.
440  0 @aHigh speed aerodynamics and jet propulsion ; @vv.
500    @aA reprinted ed.
504    @aIncludes bibliographical references.
650  0 @aAerodynamics, Supersonic.
650  0 @aThermodynamics.
650  0 @aGases.
650  0 @aMatter @xProperties.
700 1  @aRossini, Frederick D. @q(Frederick Dominic), @d1899- @b02 @c20060704 @lNLC09 @h1158 @b40 @c20060725 @lNLC09 @h1546
852 01 @bWWJC @cJ17N @hTL570 @iR83
    
    Thermodynamics and physics of matter.-London : : Oxford University Press, , 1955.
    xviii, 812 p. : : ill., tables ; ; 23 cm.- (High speed aerodynamics and jet propulsion ; v.)
    A reprinted ed.-Includes bibliographical references.
    
    ISBN
    
●
相关链接 在E读中查询图书 在五车中查询图书 在当当中查询图书 在豆瓣中查询图书


正题名:Thermodynamics and physics of matter     索取号:TL570/x2         预约/预借

序号 登录号 条形码 馆藏地/架位号 状态 备注
1 0014109   300141095   第二样本阅览室/ [索取号:TL570/x2] 在馆    
唐山师范学院图书馆 欢迎您!
大连网信软件有限公司© 版权所有